Geology and ore deposits of the Bonanza mining district, Colorado, (Record no. 26948)

MARC details
000 -LEADER
fixed length control field 01419cam a22003251 4500
001 - CONTROL NUMBER
control field gs 32000076
003 - CONTROL NUMBER IDENTIFIER
control field DLC
005 - DATE AND TIME OF LATEST TRANSACTION
control field 20260227111336.0
008 - FIXED-LENGTH DATA ELEMENTS--GENERAL INFORMATION
fixed length control field 780524s1932 dcubef f001 0 eng
010 ## - LIBRARY OF CONGRESS CONTROL NUMBER
LC control number gs 32000076
035 ## - SYSTEM CONTROL NUMBER
System control number (OCoLC)3925073
040 ## - CATALOGING SOURCE
Original cataloging agency DLC
Transcribing agency USlW
Modifying agency ISS
-- OCoLC
-- DLC
042 ## - AUTHENTICATION CODE
Authentication code premarc
050 00 - LIBRARY OF CONGRESS CALL NUMBER
Classification number TN24.C6
Item number B4 no. 169
086 0# - GOVERNMENT DOCUMENT CLASSIFICATION NUMBER
Classification number I 19.16:169
100 1# - MAIN ENTRY--PERSONAL NAME
Personal name Burbank, W. S.
Fuller form of name (Wilbur Swett),
Dates associated with a name 1898-1975.
245 10 - TITLE STATEMENT
Title Geology and ore deposits of the Bonanza mining district, Colorado,
Statement of responsibility, etc. by W. S. Burbank; with a section on History and production, by Charles W. Henderson. Prepared in cooperation with the Colorado metal mining fund.
260 ## - PUBLICATION, DISTRIBUTION, ETC.
Place of publication, distribution, etc. Washington,
Name of publisher, distributor, etc. U.S. Govt. Print. Off.,
Date of publication, distribution, etc. 1932.
300 ## - PHYSICAL DESCRIPTION
Extent ix, 166 p.
Other physical details incl. plans, tables, diagrs. 35 pl. (part fold., incl. maps, plans, diagrs.)
Dimensions 29 cm.
410 20 - SERIES STATEMENT/ADDED ENTRY--CORPORATE NAME [OBSOLETE, CAN/MARC], [LOCAL, USA]
Corporate name or jurisdiction name as entry element Geological Survey (U.S.).
Title of a work Professional paper
Volume number/sequential designation 169
500 ## - GENERAL NOTE
General note At head of title: United States Department of the Interior.
500 ## - GENERAL NOTE
General note Map, 2 plans and diagram folded in pocket.
504 ## - BIBLIOGRAPHY, ETC. NOTE
Bibliography, etc. note Bibliographical foot-notes.
650 #0 - SUBJECT ADDED ENTRY--TOPICAL TERM
Topical term or geographic name entry element Geology
Geographic subdivision Colorado
-- Saguache County.
650 #0 - SUBJECT ADDED ENTRY--TOPICAL TERM
Topical term or geographic name entry element Ore deposits.
650 #0 - SUBJECT ADDED ENTRY--TOPICAL TERM
Topical term or geographic name entry element Mines and mineral resources
Geographic subdivision Colorado
-- Saguache County.
700 1# - ADDED ENTRY--PERSONAL NAME
Personal name Henderson, Charles William,
Dates associated with a name 1885-
710 2# - ADDED ENTRY--CORPORATE NAME
Corporate name or jurisdiction name as entry element Colorado State Metal Mining Fund.
740 0# - ADDED ENTRY--UNCONTROLLED RELATED/ANALYTICAL TITLE
Uncontrolled related/analytical title Bonanza mining district, Colorado, Geology and ore deposits of the.

No items available.

Powered by Koha